Countries Closest to Sri Lanka - Map Quiz - Statistics

General Stats
  • This quiz has been taken 263 times
  • The average score is 14 of 20
Answers on the Map
Answers color-coded by a green-red scale on the quiz's map according to % correct below.
 
Answer Stats
country % Correct
India
99%
Bangladesh
86%
Nepal
85%
Pakistan
84%
China
83%
Myanmar
77%
Bhutan
76%
Indonesia
76%
Thailand
76%
Maldives
75%
Malaysia
70%
Laos
68%
Vietnam
67%
Cambodia
65%
Oman
63%
Afghanistan
62%
Iran
62%
Yemen
58%
Saudi Arabia
45%
Singapore
45%
No matching quizzes found
Score Distribution
Percent of People with Each Score
Percentile by Number Answered
Your Score History
You have not taken this quiz